[Event "Malmo Open"]
[Site "Malmo"]
[Date "2012.12.15"]
[Round "5"]
[White "Hillarp Persson, Tiger"]
[Black "Hector, Jonny"]
[Result "0-1"]
[WhiteElo "2619"]
[BlackElo "2608"]

1. d4 d5 2. c4 c6 3. Nf3 Nf6 4. e3 Bf5 5. Nc3 e6 6. Nh4 Be4 7. f3 Bg6 8. 
Qb3 Qb6 9. Nxg6 hxg6 10. Bd2 Nbd7 11. g3 Be7 12. O-O-O g5 13. g4 Qc7 14. 
cxd5 exd5 15. Kb1 Nb6 16. a4 a5 17. h3 Bb4 18. Be1 O-O-O 19. Rc1 Kb8 20. 
Rg1 Qe7 21. Bg3+ Ka7 22. Rd1 Rhe8 23. Bf2 Rc8 24. Na2 c5 25. dxc5 Qxc5 26.
 Nxb4 axb4 27. Bb5 Re6 28. Qd3 Nc4 29. Qd4 Qxd4 30. Rxd4 Ne5 31. e4 dxe4 
32. Rxb4+ Ka8 33. fxe4 Nf3 34. Rd1 Nxe4 35. Bg1 Rh8 36. a5 Nxg1 37. Rxg1 
Rxh3 38. Rc1 Nd6 39. a6 Nxb5 40. axb7+ Kxb7 41. Rxb5+ Rb6 42. Rxg5 Rh2 43.
 Rc2 Rh1+ 44. Rc1 Rxc1+ 45. Kxc1 g6 46. Re5 Rf6 47. g5 Rf2 48. b4 Kc6 49. 
Rc5+ Kb6 50. Re5 Kc6 51. Kd1 Kd6 52. Rc5 Rf4 53. Rb5 Kc6 54. Rc5+ Kb6 55. 
Re5 Rxb4 56. Ke2 Rc4 57. Ke3 Rc1 58. Kf4 Kc6 59. Re3 Rf1+ 60. Kg4 Rf5 61. 
Re7 Kd6 62. Re8 Rc5 63. Re2 Re5 64. Rd2+ Ke6 65. Rf2 Re4+ 66. Kg3 Re5 67. 
Kg4 Ra5 68. Rf6+ Ke7 69. Rf2 Ra4+ 70. Kg3 Re4 71. Rf1 Rd4 72. Rf2 Rd7 73. 
Rf1 Ke6 74. Kg4 Ke5 75. Re1+ Kd6 76. Rd1+ Ke7 77. Rxd7+ Kxd7 78. Kf4 Kd6 
79. Ke4 Ke6 80. Kf4 0-1

[Event "Malmo Open"]
[Site "Malmo"]
[Date "2012.12.15"]
[Round "5"]
[White "Semcesen, Daniel"]
[Black "Lindgren, Philip"]
[Result "1-0"]
[WhiteElo "2520"]
[BlackElo "2344"]

1. d4 d5 2. c4 c6 3. Nf3 Nf6 4. Qc2 dxc4 5. e4 b5 6. b3 cxb3 7. axb3 e6 8.
 Bd2 Bb7 9. Ba5 Qc8 10. Nbd2 Na6 11. Qc3 b4 12. Qc2 Be7 13. Bd3 c5 14. Rc1
O-O 15. Qb1 Qd7 16. Ne5 Qxd4 17. Ndf3 Qd6 18. O-O Rac8 19. Rfe1 Qb8 20. 
Bc4 Bd6 21. Qa1 Nc7 22. Rcd1 Rcd8 23. Ng5 Bxe5 24. Qxe5 Rxd1 25. Rxd1 Na6 
26. Nxf7 Qxe5 27. Nxe5 Re8 28. f3 Nb8 29. Rd6 Kf8 30. Bd8 a6 31. Bb6 Rc8 
32. Rxe6 Nbd7 33. Ba5 Nxe5 34. Rxe5 Rc6 35. Kf2 Nd7 36. Rd5 Ke7 37. Rd2 
Rd6 38. Bd8+ 1-0

[Event "Malmo Open"]
[Site "Malmo"]
[Date "2012.12.15"]
[Round "5"]
[White "Jepson, Christian"]
[Black "Walinder, Lars"]
[Result "1-0"]
[WhiteElo "2454"]
[BlackElo "2174"]

1. d4 d5 2. Nf3 Nf6 3. c4 c6 4. Nc3 dxc4 5. a4 Bf5 6. e3 e6 7. Bxc4 Bb4 8.
 O-O O-O 9. Qe2 Bg6 10. Ne5 Nbd7 11. Nxg6 hxg6 12. Rd1 Qa5 13. Na2 Qxa4 
14. e4 Qa5 15. e5 Nd5 16. h4 Rfe8 17. h5 gxh5 18. Qxh5 g6 19. Qg4 Bf8 20. 
Bg5 Qc7 21. Rac1 N7b6 22. Bd3 Bg7 23. Be4 Nd7 24. Nc3 Nxc3 25. Rxc3 Qa5 
26. Rh3 Rad8 27. f4 1-0

[Event "Malmo Open"]
[Site "Malmo"]
[Date "2012.12.15"]
[Round "5"]
[White "Bae, Torstein"]
[Black "Svensson, Anders"]
[Result "1-0"]
[WhiteElo "2430"]
[BlackElo "2016"]

1. e4 c5 2. Nf3 d6 3. d4 cxd4 4. Nxd4 Nf6 5. Nc3 a6 6. Bc4 e6 7. O-O Be7 
8. Qf3 O-O 9. a4 Qc7 10. Ba2 Nc6 11. Nxc6 bxc6 12. Qg3 Nh5 13. Qh3 Nf6 14.
 Kh1 d5 15. Qf3 Bb4 16. Bf4 Qa5 17. e5 Bxc3 18. bxc3 Ne4 19. c4 Nd2 20. 
Bxd2 Qxd2 21. Bb3 Rb8 22. Rad1 Qb4 23. Rd4 c5 24. Rg4 d4 25. Rd1 Bb7 26. 
Qf4 h5 27. Rg5 g6 28. h3 Rfd8 29. Rd3 Qe1+ 30. Kh2 Rd7 31. Rdg3 Qe2 32. f3
Qe3 33. Qf6 Qe1 34. Rxg6+ 1-0

[Event "Malmo Open"]
[Site "Malmo"]
[Date "2012.12.15"]
[Round "5"]
[White "Fries-Nielsen, Jens-Ove"]
[Black "Brynell, Stellan"]
[Result "1-0"]
[WhiteElo "2419"]
[BlackElo "2572"]

1. d4 e6 2. Nf3 Nf6 3. e3 c5 4. Bd3 d5 5. O-O Nc6 6. b3 Bd6 7. Bb2 O-O 8. 
Nbd2 b6 9. Ne5 Bb7 10. a3 Rc8 11. f4 Ne7 12. dxc5 bxc5 13. Ng4 Nxg4 14. 
Qxg4 Ng6 15. Nf3 f5 16. Qh5 Qe8 17. Rad1 Rc7 18. c4 d4 19. Bc2 Rd7 20. 
exd4 cxd4 21. b4 Bxf4 22. Ba4 Be3+ 23. Kh1 e5 24. Bc1 Bxc1 25. Rxc1 Rf6 
26. c5 Bc6 27. Bxc6 Rxc6 28. b5 Rf6 29. c6 Rc7 30. Rfe1 d3 31. Rxe5 Qf8 
32. Re3 Qxa3 33. Rd1 Qb3 34. Rexd3 Qxb5 35. Rd8+ Nf8 36. Ng5 h6 37. Ne4 
Qxc6 38. Nxf6+ Qxf6 39. h3 Kh7 40. Qe8 Ne6 41. Qg8+ Kg6 42. R8d6 1-0

[Event "Malmo Open"]
[Site "Malmo"]
[Date "2012.12.15"]
[Round "5"]
[White "Stojanovski, Sandi"]
[Black "Pedersen, Nicolai V"]
[Result "1/2-1/2"]
[WhiteElo "2217"]
[BlackElo "2440"]

1. d4 Nf6 2. c4 e6 3. Nc3 Bb4 4. e3 O-O 5. Bd3 d5 6. Nf3 c5 7. O-O Nc6 8. 
a3 Ba5 9. Ne2 cxd4 10. exd4 dxc4 11. Bxc4 Ne7 12. Bg5 Nf5 13. Bd3 h6 14. 
Bxf5 exf5 15. Bd2 Bb6 16. Nf4 Bc7 17. Nd3 Be6 18. Bf4 Bb6 19. Nc5 Bd5 20. 
Na4 Bxf3 21. Qxf3 Qxd4 22. Nxb6 axb6 23. Be3 Qxb2 24. Rab1 Qe5 25. Bxb6 
Ne4 26. Qd3 Rfc8 27. Rb3 Rc6 28. Bd4 Qd6 29. Be3 Qxd3 30. Rxd3 Nc3 31. Ra1
b5 32. Bd2 Ne4 33. Bb4 Rac8 34. Rad1 Rc1 35. f3 Ng5 36. Kf2 Ne6 37. Rxc1 
Rxc1 38. Bd2 Rc2 39. Ke3 Rb2 40. Rd5 Rb3+ 41. Rd3 Rxd3+ 42. Kxd3 Kf8 43. 
Kc3 Ke8 44. Kb4 Nc7 45. Kc5 Kd7 46. Ba5 Ne6+ 47. Kxb5 Nf4 48. g3 Ne2 49. 
Bb6 Nc3+ 50. Kc4 Nb1 51. a4 Kc6 52. Be3 g5 53. a5 Na3+ 54. Kd4 f6 55. g4 
Nb5+ 56. Kd3 fxg4 57. fxg4 Nd6 58. h3 f5 59. Bd4 fxg4 60. hxg4 Kb5 61. Bg7
Nc4 62. Bxh6 Ne5+ 63. Ke4 Nxg4 64. Bxg5 Kxa5 65. Kf4 1/2-1/2

[Event "Malmo Open"]
[Site "Malmo"]
[Date "2012.12.15"]
[Round "5"]
[White "Pavlovskaia, Evgenija"]
[Black "Kockum, Anton Frisk"]
[Result "0-1"]
[WhiteElo "2206"]
[BlackElo "2415"]

1. e4 c5 2. Nf3 Nc6 3. Bb5 g6 4. c3 Bg7 5. O-O e5 6. Re1 Nge7 7. Na3 O-O 
8. Nc2 a6 9. Bf1 d5 10. exd5 Nxd5 11. d4 cxd4 12. cxd4 Bg4 13. dxe5 Nxe5 
14. Be2 Nxf3+ 15. Bxf3 Bxf3 16. Qxf3 Rc8 17. Ne3 Nxe3 18. Bxe3 b5 19. Red1
Qa5 20. Bd2 Qa4 21. Bc3 Bxc3 22. bxc3 Qa3 23. Rd3 Rfd8 24. Rxd8+ Rxd8 25. 
h4 Rc8 26. Rd1 Qxc3 27. Rd8+ Kg7 28. Rxc8 Qxc8 29. h5 Qc1+ 30. Kh2 Qc4 31.
 Qg3 Qc5 32. hxg6 hxg6 33. Qf4 a5 34. Qd2 b4 35. Qe2 Qh5+ 0-1

[Event "Malmo Open"]
[Site "Malmo"]
[Date "2012.12.15"]
[Round "5"]
[White "Lindahl, Emil"]
[Black "Andersson, Fredrik"]
[Result "0-1"]
[WhiteElo "2172"]
[BlackElo "2363"]

1. d4 Nf6 2. c4 g6 3. Nf3 Bg7 4. g3 d5 5. Bg2 O-O 6. Nbd2 c5 7. cxd5 cxd4 
8. Nxd4 Nxd5 9. N2b3 e5 10. Nc2 Nb6 11. O-O Nc6 12. Bxc6 bxc6 13. Be3 Bh3 
14. Qxd8 Rfxd8 15. Rfd1 Nc4 16. Rxd8+ Rxd8 17. Bxa7 Nxb2 18. Rb1 Na4 19. 
Nc5 Nc3 20. Rb8 Rxb8 21. Bxb8 Nxa2 22. f3 h5 23. Kf2 f6 24. f4 exf4 25. 
Bxf4 Bf8 26. Nb7 Bc8 27. Nd6 Ba6 28. Ne4 Kf7 29. Bd6 Nc3 30. Nxc3 Bxd6 31.
 Ne4 Be5 32. Nb4 Bb5 33. e3 Ke6 34. Nc5+ Kd6 35. Ne4+ Kc7 36. h3 Kb6 37. 
g4 hxg4 38. hxg4 Ka5 39. Na2 Bc4 40. Nc1 g5 41. Nd2 Be6 42. Kf3 c5 43. Nd3
Bd6 44. Ne4 Bd5 45. Nf2 c4 46. Ke2 Be5 47. Kd2 Kb4 48. Kc2 Bc6 49. Nd2 
Ba4+ 50. Kc1 Bb5 51. Nf3 Ba1 52. Kb1 Bc3 53. Ne4 Bd7 54. Nd4 Bxd4 55. exd4
Bxg4 56. Nxf6 Bf5+ 57. Kc1 g4 58. Nh5 c3 59. Ng3 Bd3 60. Nh5 Kc4 61. Nf6 
g3 0-1

[Event "Malmo Open"]
[Site "Malmo"]
[Date "2012.12.16"]
[Round "6"]
[White "Semcesen, Daniel"]
[Black "Bae, Torstein"]
[Result "1/2-1/2"]
[WhiteElo "2520"]
[BlackElo "2430"]

1. c4 Nf6 2. Nc3 e5 3. Nf3 Nc6 4. d4 exd4 5. Nxd4 Bb4 6. Bg5 Bxc3+ 7. bxc3
Ne5 8. f4 Ng6 9. g3 h6 10. Bxf6 Qxf6 11. Bg2 Nf8 12. O-O Ne6 13. Nxe6 dxe6
14. Qd4 O-O 15. Qxf6 gxf6 16. Rfd1 c5 17. a4 f5 18. Kf2 Kg7 19. a5 Rb8 20.
 Rab1 Kf6 21. Rb5 b6 22. axb6 axb6 23. Rdb1 Bd7 24. Rxb6 Rxb6 25. Rxb6 Rc8
26. Bf3 Rc7 27. Bb7 Bc8 28. Bc6 Ke7 29. Bf3 Bd7 30. h3 Ra7 31. Ke3 Rc7 32.
 Ra6 Kf6 33. Kd2 Bc8 34. Rb6 Bd7 35. Ra6 Bc8 36. Ra1 Bb7 37. Ra7 Rd7+ 38. 
Ke3 Bc6 39. Ra5 Bxf3 40. exf3 Rc7 41. g4 Kg6 42. Ra8 Rc6 43. Rg8+ Kh7 44. 
Ra8 Kg6 45. Rg8+ Kh7 46. Rb8 Kg6 47. Rg8+ 1/2-1/2

[Event "Malmo Open"]
[Site "Malmo"]
[Date "2012.12.16"]
[Round "6"]
[White "Hillarp Persson, Tiger"]
[Black "Jepson, Christian"]
[Result "1/2-1/2"]
[WhiteElo "2619"]
[BlackElo "2454"]

1. d4 d5 2. c4 e6 3. Nf3 Nf6 4. g3 dxc4 5. Bg2 a6 6. Ne5 c5 7. Na3 cxd4 8.
 Naxc4 Ra7 9. O-O b6 10. Qb3 Bc5 11. Nd3 Nbd7 12. Bf4 O-O 13. Rac1 Nd5 14.
 Bxd5 exd5 15. Nd6 Bxd6 16. Bxd6 Re8 17. Rfe1 Re6 18. Qc2 Rxd6 19. Qxc8 
Ra8 20. Qxd8+ Rxd8 21. Rc7 g5 22. Rec1 Re8 23. Kf1 a5 24. Rc8 Rxc8 25. 
Rxc8+ Nf8 26. Ne1 Kg7 27. Nf3 Ne6 28. h4 h6 29. Ke1 {Game not complete.} 
1/2-1/2

[Event "Malmo Open"]
[Site "Malmo"]
[Date "2012.12.16"]
[Round "6"]
[White "Lindberg, Bengt"]
[Black "Johansson, Linus"]
[Result "0-1"]
[WhiteElo "2477"]
[BlackElo "2357"]

1. e4 e6 2. d4 d5 3. Nc3 Nc6 4. Nf3 Nf6 5. Bd3 Nb4 6. e5 Nd7 7. O-O Nxd3 
8. cxd3 Be7 9. Bf4 O-O 10. Rc1 a6 11. Na4 b6 12. Be3 Bb7 13. a3 Rc8 14. b4
f6 15. exf6 Bxf6 16. Re1 e5 17. dxe5 Nxe5 18. Nxe5 Bxe5 19. d4 Bd6 20. Qg4
Qf6 21. Nc3 Rce8 22. Qh5 g6 23. Qh6 c5 24. bxc5 bxc5 25. Ne2 c4 26. Rb1 
Qe7 27. a4 Bb4 28. Rec1 a5 29. h4 Bc8 30. Ng3 Bf5 31. Nxf5 Rxf5 32. g4 Rf3
33. h5 Qe4 34. hxg6 Qxg4+ 35. Kf1 hxg6 36. Qg5 Rxf2+ 0-1

[Event "Malmo Open"]
[Site "Malmo"]
[Date "2012.12.16"]
[Round "6"]
[White "Kockum, Anton Frisk"]
[Black "Matthiesen, Arne"]
[Result "0-1"]
[WhiteElo "2415"]
[BlackElo "2346"]

1. d4 d6 2. e4 Nf6 3. Nc3 g6 4. Bg5 Bg7 5. Qd2 c6 6. f3 Nbd7 7. Bh6 Bxh6 
8. Qxh6 Qa5 9. Bd3 c5 10. dxc5 Nxc5 11. Bb5+ Bd7 12. Bxd7+ Ncxd7 13. Ne2 
b5 14. Nd4 b4 15. Nce2 Rc8 16. Qd2 Qb6 17. O-O-O a5 18. Kb1 a4 19. Nc1 Ne5
20. b3 O-O 21. h4 d5 22. Qf4 Nc6 23. e5 Qc7 24. Nxc6 Qxc6 25. Rd2 Nd7 26. 
Nd3 Qc7 27. h5 e6 28. Qh6 g5 29. Qxg5+ Kh8 30. h6 Rg8 31. Qf4 Qc3 32. Qxb4
Qxb4 33. Nxb4 axb3 34. axb3 Nxe5 35. Nd3 Nc6 36. Kb2 Rg6 37. c3 Kg8 38. b4
Rb8 39. Re2 Kf8 40. g4 Ke8 41. Ne5 Nxe5 42. Rxe5 Rf6 43. Rg5 Ke7 44. Rg7 
Rxf3 45. Rxh7 d4 46. Rg7 Rxc3 47. Rg5 Rxb4+ 48. Ka2 Ra4+ 49. Kb2 Rb4+ 50. 
Ka2 Rc8 51. Ra5 Rb7 52. h7 Rh8 53. g5 Rd7 54. Kb2 d3 55. Kc1 Kf8 56. Kd2 
Kg7 57. Ra3 Rxh7 58. Rxh7+ Kxh7 59. Ra5 Kg6 0-1

[Event "Malmo Open"]
[Site "Malmo"]
[Date "2012.12.16"]
[Round "6"]
[White "Kristensen, Kare"]
[Black "Fries-Nielsen, Niels-Jorgen"]
[Result "0-1"]
[WhiteElo "2339"]
[BlackElo "2398"]

1. c4 Nf6 2. Nc3 d6 3. d4 Nbd7 4. Nf3 c6 5. e4 e5 6. Be2 Be7 7. O-O O-O 8.
 Re1 Re8 9. Bf1 a6 10. d5 c5 11. a3 Nf8 12. b4 b6 13. Rb1 Ng6 14. Bd2 Bd7 
15. bxc5 bxc5 16. Qc2 Qc7 17. Rec1 Reb8 18. Rxb8+ Rxb8 19. Rb1 Bd8 20. Ne1
Rxb1 21. Qxb1 Qb6 22. f3 Qxb1 23. Nxb1 Ne8 24. Bd3 Nf4 25. Kf2 Nxd3+ 26. 
Nxd3 f5 27. Nc3 Nf6 28. exf5 Bxf5 29. Ke2 h6 30. g4 Bd7 31. h3 Ba5 32. Ne4
Bxd2 33. Nxd2 Ba4 34. f4 exf4 35. Nxf4 Kf7 36. Ke3 Bd7 37. Ne4 Nxe4 38. 
Kxe4 g6 39. Ne2 Kf6 40. Nc3 g5 41. a4 Be8 42. a5 Bg6+ 43. Ke3 Ke7 44. Nb5 
Kd7 45. Na7 Bc2 46. Nc6 Ba4 47. Nb8+ Kc7 48. Nxa6+ Kb7 49. Nxc5+ dxc5 50. 
Ke4 Ka6 51. Kf5 Kxa5 52. Kg6 Kb4 53. Kxh6 Kxc4 54. Kxg5 Kxd5 55. Kf6 c4 
56. g5 Be8 57. g6 Bxg6 58. Kxg6 c3 59. h4 c2 60. h5 c1=Q 61. h6 Qg1+ 62. 
Kf7 Qf2+ 63. Kg7 Qg3+ 64. Kf6 Qf4+ 65. Kg6 Qg4+ 66. Kf6 Qh5 67. Kg7 Qg5+ 
0-1

[Event "Malmo Open"]
[Site "Malmo"]
[Date "2012.12.16"]
[Round "6"]
[White "Pedersen, Nicolai V"]
[Black "Andersson, Fredrik"]
[Result "1/2-1/2"]
[WhiteElo "2440"]
[BlackElo "2363"]

1. e4 c5 2. c3 d5 3. exd5 Qxd5 4. d4 g6 5. Nf3 Bg7 6. Na3 cxd4 7. Bc4 Qe4+
8. Be3 Nh6 9. Nb5 O-O 10. cxd4 Nc6 11. O-O Nf5 12. Re1 Nxe3 13. Rxe3 Qf4 
14. g3 Qg4 15. Be2 Rd8 16. Ne5 Qh3 17. Bf1 Qh5 18. Qxh5 gxh5 19. Be2 Nxd4 
20. Nxd4 Rxd4 21. Bxh5 Be6 22. Nd3 Bh6 23. f4 Rc8 24. Rc1 Rxc1+ 25. Nxc1 
Rd2 26. b3 Rc2 27. Ne2 Rxa2 28. Nd4 Ra6 29. Bf3 Bg7 30. Nxe6 fxe6 31. Kg2 
Rb6 1/2-1/2

[Event "Malmo Open"]
[Site "Malmo"]
[Date "2012.12.16"]
[Round "6"]
[White "Lindgren, Philip"]
[Black "Eriksson, Kristian"]
[Result "1-0"]
[WhiteElo "2344"]
[BlackElo "2090"]

1. d4 Nf6 2. c4 e6 3. g3 Bb4+ 4. Bd2 Bxd2+ 5. Qxd2 O-O 6. Bg2 d5 7. Nf3 
Qe7 8. O-O Rd8 9. Qc2 Nc6 10. Rd1 Bd7 11. Nbd2 Be8 12. e4 Nb4 13. Qb1 c5 
14. e5 Nd7 15. a3 Nc6 16. cxd5 exd5 17. Re1 cxd4 18. Qf5 Nf8 19. b4 a6 20.
 Nb3 Ne6 21. Rad1 Rac8 22. Qd3 h6 23. Nbxd4 Ncxd4 24. Nxd4 Nxd4 25. Qxd4 
Ba4 26. Rc1 Rxc1 27. Rxc1 Bc6 28. h4 Qe6 29. Kh2 Qg6 30. Re1 Rd7 31. Re3 
Re7 32. Qc5 Rd7 33. Qd4 Re7 34. Qc5 Rd7 35. e6 fxe6 36. Bh3 Kh8 37. Qf8+ 
Kh7 38. Bxe6 1-0

[Event "Malmo Open"]
[Site "Malmo"]
[Date "2012.12.16"]
[Round "6"]
[White "Nilsson, Anders"]
[Black "Malmgren, Lars-Goran"]
[Result "1/2-1/2"]
[WhiteElo "2300"]
[BlackElo "2019"]

1. d4 Nf6 2. c4 g6 3. Nc3 d5 4. Bg5 c6 5. Bxf6 exf6 6. cxd5 cxd5 7. Qb3 
Nc6 8. e3 Bb4 9. a3 Bxc3+ 10. Qxc3 O-O 11. Bd3 Be6 12. Ne2 Rc8 13. O-O Ne5
14. Qb3 Nxd3 15. Qxd3 Bf5 16. Qb3 Bc2 17. Qxb7 Bd3 18. Rfe1 Rb8 19. Qxa7 
Rxb2 20. Nf4 Bc4 21. Rab1 Qb8 22. Qxb8 Rfxb8 23. Rxb2 Rxb2 24. Ra1 Rb5 25.
 h4 f5 26. Kh2 Kg7 27. Kg3 Kf6 28. Nh3 h6 29. Ng1 Ke6 30. Nf3 f6 31. a4 
Ra5 32. Nd2 g5 33. Nb1 Bd3 34. Nd2 Bc4 35. Ra3 Kd6 36. Nb3 Bxb3 37. Rxb3 
Rxa4 38. Rb6+ Ke7 39. Rb7+ Ke6 40. h5 f4+ 41. Kg4 fxe3 42. fxe3 Ra2 43. 
Rb6+ Kf7 44. Kf3 g4+ 45. Kg3 Re2 46. Rb3 Ke6 47. Kxg4 Rxg2+ 48. Kf4 Rg5 
49. Rb6+ Ke7 50. Rb7+ Ke6 51. Rb6+ Ke7 52. Rb7+ 1/2-1/2

[Event "Malmo Open"]
[Site "Malmo"]
[Date "2012.12.16"]
[Round "7"]
[White "Hector, Jonny"]
[Black "Semcesen, Daniel"]
[Result "1/2-1/2"]
[WhiteElo "2608"]
[BlackElo "2520"]

1. e4 e5 2. Nf3 Nc6 3. Bc4 Bc5 4. c3 Nf6 5. d4 exd4 6. cxd4 Bb4+ 7. Nbd2 
d5 8. exd5 Nxd5 9. O-O O-O 10. a3 Be7 11. Re1 Bf5 12. Ba2 a6 13. Nc4 Bf6 
14. h3 h6 15. Nce5 Qd6 16. Bd2 Rad8 17. Rc1 Nce7 18. Nc4 Qd7 19. Nfe5 Qc8 
20. Qf3 Be6 21. g4 Bg5 22. Bb1 Bxd2 23. Nxd2 Nf6 24. Ne4 Nxe4 25. Qxe4 f5 
26. Qc2 c6 27. Nd3 Ng6 28. Nc5 Bd5 29. gxf5 Nh4 30. Re5 Nf3+ 31. Kf1 Nxd4 
32. Qd3 Rf6 33. Rxd5 Rxd5 34. Ba2 Qxf5 35. Qxf5 Rxf5 36. Nxb7 Kf8 37. Bxd5
Rxd5 38. b4 Rb5 39. Nd6 Rh5 40. Re1 g6 41. Re4 Nb5 42. Nxb5 axb5 43. Re6 
Rxh3 44. Rxg6 1/2-1/2

[Event "Malmo Open"]
[Site "Malmo"]
[Date "2012.12.16"]
[Round "7"]
[White "Jepson, Christian"]
[Black "Johansson, Linus"]
[Result "1-0"]
[WhiteElo "2454"]
[BlackElo "2357"]

1. d4 Nf6 2. c4 e6 3. Nf3 b6 4. Nc3 Bb4 5. e3 O-O 6. Bd3 Bb7 7. O-O d5 8. 
cxd5 exd5 9. a3 Bd6 10. b4 a5 11. b5 Nbd7 12. Qb3 Re8 13. a4 Qe7 14. Ba3 
Rac8 15. Bxd6 cxd6 16. Rac1 Rc7 17. Ne2 Rec8 18. Rxc7 Rxc7 19. Rc1 Nf8 20.
 Nd2 Bc8 21. Rxc7 Qxc7 22. Qc3 Qxc3 23. Nxc3 Be6 24. f3 Ng6 25. Kf2 Kf8 
26. Nb3 Ne7 27. Nc1 h6 28. h4 g5 29. hxg5 hxg5 30. N1e2 Ke8 31. g4 Nd7 32.
 Ng3 f6 33. Nf5 Nxf5 34. gxf5 Bf7 35. Bc2 Kf8 36. Bb3 Kg7 37. Bxd5 Bxd5 
38. Nxd5 Kf7 39. Ke2 Kg7 40. Nc3 Kf7 41. Kd3 Ke8 42. Ke4 Nf8 43. Kd5 Kd7 
44. Ne4 Nh7 45. Nxd6 Nf8 46. Nc4 Kc7 47. e4 1-0

[Event "Malmo Open"]
[Site "Malmo"]
[Date "2012.12.16"]
[Round "7"]
[White "Bae, Torstein"]
[Black "Matthiesen, Arne"]
[Result "1/2-1/2"]
[WhiteElo "2430"]
[BlackElo "2346"]

1. e4 d6 2. d4 Nf6 3. Nc3 g6 4. Bg5 Bg7 5. Qd2 c6 6. f4 O-O 7. Nf3 d5 8. 
e5 Ne4 9. Qe3 f6 10. Bh4 Qa5 11. Nd2 Nxd2 12. Qxd2 Bh6 13. g3 Nd7 14. e6 
Nb6 15. Qe3 Nc4 16. Bxc4 dxc4 17. O-O-O Rd8 18. Ne4 Qf5 19. Rhe1 Bg7 20. 
h3 Qxe6 21. Nxf6+ exf6 22. Qxe6+ Bxe6 23. Rxe6 Kf7 24. Rde1 Re8 25. Rxe8 
Rxe8 26. Rxe8 Kxe8 27. Kd2 f5 28. Kc3 b5 29. g4 fxg4 30. hxg4 c5 31. Bf2 
h5 32. f5 Bxd4+ 33. Bxd4 cxd4+ 34. Kxd4 h4 35. Ke3 gxf5 36. gxf5 Ke7 37. 
Kf4 Kf6 38. Kg4 a5 39. Kxh4 Kxf5 40. Kg3 Ke4 41. Kf2 b4 42. Ke2 a4 43. Kd2
Kd4 44. b3 a3 45. bxc4 Kxc4 46. Kd1 Kc3 47. Kc1 Kc4 1/2-1/2

[Event "Malmo Open"]
[Site "Malmo"]
[Date "2012.12.16"]
[Round "7"]
[White "Fries-Nielsen, Jens-Ove"]
[Black "Rydstrom, Tom"]
[Result "1-0"]
[WhiteElo "2419"]
[BlackElo "2281"]

1. d4 d5 2. Bf4 Nf6 3. e3 Bf5 4. Be2 e6 5. g4 Bg6 6. h4 h5 7. g5 Ne4 8. f3
Nd6 9. Bd3 Bxd3 10. Qxd3 Qd7 11. Ne2 Nc6 12. Nd2 O-O-O 13. a3 Nf5 14. 
O-O-O Kb8 15. Nb3 b6 16. c4 Bd6 17. cxd5 exd5 18. Bxd6 Nxd6 19. e4 Ne7 20.
 Nc3 g6 21. Kb1 c6 22. Rc1 Rhe8 23. Nd2 Nb7 24. Ne2 c5 25. exd5 Nxd5 26. 
Ne4 cxd4 27. Nxd4 Rc8 28. Qd2 Ka8 29. Rxc8+ Rxc8 30. Rc1 Nc5 31. Nb5 Rd8 
32. Nbd6 Qe6 33. Nxc5 Qxd6 34. Ne4 Qf4 35. Qc2 Ne7 36. Rd1 Rc8 37. Qd3 Qc7
38. Nc3 Nc6 39. Nb5 Qd8 40. Qe2 Qe8 41. Nc7+ 1-0

[Event "Malmo Open"]
[Site "Malmo"]
[Date "2012.12.16"]
[Round "7"]
[White "Andersson, Fredrik"]
[Black "Mansson, Peter"]
[Result "1/2-1/2"]
[WhiteElo "2363"]
[BlackElo "2196"]

1. e4 c5 2. Nf3 Nc6 3. Bb5 e5 4. O-O Nge7 5. c3 g6 6. d4 cxd4 7. cxd4 exd4
8. Nxd4 Bg7 9. Be3 O-O 10. Nc3 d5 11. exd5 Nxd5 12. Nxd5 Qxd5 13. Nxc6 
Qxb5 14. Ne7+ Kh8 15. Bd4 Be6 16. Bxg7+ Kxg7 17. Qd4+ f6 18. Rfe1 Rad8 19.
 Qe3 Rd6 20. Rad1 Rxd1 21. Rxd1 Kf7 22. Re1 Qe5 23. Qc1 Qd6 24. Qh6 Kxe7 
25. Qxh7+ Rf7 26. Qxg6 Qd5 27. b3 Qa5 28. Qe4 Qb6 29. h4 Rg7 30. Rc1 Kf7 
31. h5 Bh3 32. Qd5+ Be6 33. Qe4 1/2-1/2

[Event "Malmo Open"]
[Site "Malmo"]
[Date "2012.12.16"]
[Round "7"]
[White "Lindgren, Philip"]
[Black "Walinder, Lars"]
[Result "0-1"]
[WhiteElo "2344"]
[BlackElo "2174"]

1. d4 d5 2. c4 c6 3. Nf3 Nf6 4. e3 Bg4 5. Qb3 Qb6 6. Nc3 e6 7. Nh4 Nbd7 8.
 h3 Bh5 9. g4 Bg6 10. Nxg6 hxg6 11. g5 Ng8 12. Qxb6 axb6 13. f3 Bb4 14. 
Bd2 Ne7 15. Kf2 Nf5 16. a3 Be7 17. f4 O-O-O 18. Rc1 Kb8 19. Ne2 dxc4 20. 
Rxc4 Nc5 21. Rc2 Ne4+ 22. Kf3 Nxd2+ 23. Rxd2 c5 24. Rh2 Rd6 25. e4 Nxd4+ 
26. Nxd4 cxd4 27. Rd1 f6 28. gxf6 gxf6 29. Bc4 e5 30. Bd5 Rh4 31. fxe5 
fxe5 32. Kg3 Rf4 33. Rc2 Bh4+ 34. Kg2 Rdf6 35. b3 Rf3 36. Rdc1 Rg3+ 37. 
Kh2 Rff3 38. Be6 Bg5 39. Rc8+ Ka7 40. R1c7 Bf4 41. Bd5 Rf2+ 42. Kh1 Rf1+ 
43. Kh2 Rgg1# 0-1

[Event "Malmo Open"]
[Site "Malmo"]
[Date "2012.12.16"]
[Round "7"]
[White "Brynell, Stellan"]
[Black "Wiander, Michael"]
[Result "1-0"]
[WhiteElo "2572"]
[BlackElo "2160"]

1. d4 d5 2. Nf3 c6 3. c4 e6 4. Nc3 f5 5. Bf4 Nf6 6. e3 Be7 7. h3 O-O 8. g4
Ne4 9. Bd3 c5 10. gxf5 cxd4 11. Nxe4 dxe4 12. Bxe4 Qa5+ 13. Kf1 dxe3 14. 
fxe3 Qa6 15. Rc1 Nd7 16. Qc2 Nf6 17. Bd3 Qc6 18. Ke2 Nh5 19. Be5 exf5 20. 
Rhg1 Bf6 21. Bxf6 Qxf6 22. Rg5 g6 23. h4 Bd7 24. Qc3 Qe7 25. Rxh5 f4 26. 
Qe5 Qxe5 27. Rxe5 1-0

[Event "Malmo Open"]
[Site "Malmo"]
[Date "2012.12.16"]
[Round "7"]
[White "Olofsson-Dolk, Mattis"]
[Black "Lindberg, Bengt"]
[Result "1-0"]
[WhiteElo "2128"]
[BlackElo "2477"]

1. e4 e5 2. Nf3 Nc6 3. Bb5 f5 4. d3 fxe4 5. dxe4 Nf6 6. O-O Bc5 7. Qd3 Nd4
8. Nxe5 Qe7 9. Nf3 Nxb5 10. e5 Ng4 11. Qxb5 Nxe5 12. Nbd2 c6 13. Qb3 Ng4 
14. Qd3 O-O 15. Ne4 d5 16. Nxc5 Qxc5 17. h3 Nf6 18. Be3 Qa5 19. Nd4 Qc7 
20. c4 Qf7 21. cxd5 Nxd5 22. a3 c5 23. Nb5 Bf5 24. Qc4 Nxe3 25. Qxf7+ Kxf7
26. fxe3 Ke7 27. Rad1 Bd7 28. Nc3 Rxf1+ 29. Kxf1 Rf8+ 30. Ke2 Rc8 31. Nd5+
Ke8 32. e4 b5 33. Ke3 Rc6 34. Nf4 c4 35. Kd4 Be6 36. Ke5 Bf7 37. Nd5 a5 
38. Rd2 Rc5 39. Kd6 Rc8 40. Nc7+ Kf8 41. Kd7 Rb8 42. e5 b4 43. e6 bxa3 44.
 bxa3 Bg6 45. e7+ Kg8 46. e8=Q+ Bxe8+ 47. Nxe8 Rb3 48. Nd6 c3 49. Rc2 Rxa3
50. Nb5 Rb3 51. Nxc3 h6 52. Ke6 Kh7 53. Kf5 g6+ 54. Ke4 g5 55. Kd3 h5 56. 
Ra2 g4 57. Rxa5 Kg6 58. hxg4 hxg4 59. Kd4 g3 60. Ne2 Rb2 61. Ke3 Kf6 62. 
Kf3 Rb3+ 63. Kf4 Rb2 64. Re5 Rb4+ 65. Re4 Rb2 66. Kxg3 Kf5 67. Re3 Kg5 68.
 Nd4 Rb4 69. Re5+ Kg6 70. Nf3 Ra4 71. Kh3 Ra3 72. Kh4 Ra4+ 73. g4 Ra3 74. 
Kg3 Rb3 75. Re6+ Kf7 76. Ra6 Rc3 77. Kf4 Rc4+ 78. Kg5 Rc5+ 79. Kh4 Kg7 80.
 Ng5 Rb5 81. Kh5 Rc5 82. Ra7+ Kg8 83. Kg6 Rc6+ 84. Kf5 Rc5+ 85. Kf6 Rc6+ 
86. Ne6 Rc1 87. g5 Rc8 88. g6 Rb8 89. Rd7 Re8 90. Rd8 Rxd8 91. Nxd8 Kh8 
92. Nc6 Kg8 93. Ne7+ 1-0